| 000 | 00988cam a2200205 4500 | ||
|---|---|---|---|
| 001 | ABS64515 | ||
| 008 | 010924n2001 000 0 eng u | ||
| 035 | _a(Sirsi) u114800 | ||
| 100 | _aNeaves, P. | ||
| 245 | _aBlueprint for a city in need of certainty | ||
| 260 | _c2001 | ||
| 490 |
_aEstates Gazette _v(0137) 15 September 2001, 148-149(2) |
||
| 520 | _aDiscusses the nature, and aims, of the Glasgow City Local Plan, which was published in early 2001. This will eventually replace the 44 Local Plans which currently cover the city, and provide a development strategy for the next 20 years. By simplifying the city's planning procedure Glasgow authorities hope to attract more investment from Scotland, the UK and the EU. Looks at the likelty impact of the Plan on offices, retailing and residential development. | ||
| 590 | _aABS | ||
| 650 | _aGLASGOW | ||
| 650 | _aPLANNING | ||
| 650 | _aGLASGOW CITY LOCAL PLAN | ||
| 690 | _aPROPERTY-PROPERTY DEVELOPMENT | ||
| 942 | _n0 | ||
| 999 |
_c68344 _d68344 |
||